Who Got Top 10 In Minecraft Championship Meltdown - Canon Only - Statistics

General Stats
  • This quiz has been taken 11 times
  • The average score is 22 of 54
Answer Stats
Hint Answer % Correct
4 Purpled
100%
1 Dream
90%
2 Quig
90%
6 Sapnap
90%
6 Hannahxxrose
80%
6 Jojosolos
80%
5 Punz
80%
2 FireBreathMan
70%
5 Sylvee
70%
4 CaptainSparklez
60%
2 Fruitberries
60%
3 Illumina
60%
3 Kratzy
60%
2 PeteZahHutt
60%
1 TapL
60%
2 TommyInnit
60%
2 Antfrost
50%
3 FoolishGamers
50%
2 Hbomb94
50%
4 Shubble
50%
2 Smallishbeans
50%
4 Tubbo
50%
2 Wallibear
50%
1 CaptainPuffy
40%
1 Eret
40%
1 InTheLittleWood
40%
2 OrionSound
40%
1 Ryguyrocky
40%
3 Shadoune
40%
1 Shadoune
40%
1 Sneegsnag
40%
1 Aimsey
30%
1 F1NN5TER
30%
1 GeeNelly
30%
1 GoodTimesWithScar
30%
1 Grian
30%
2 Seapeekay
30%
1 5up
20%
1 Blushi
20%
1 Cubfan135
20%
1 FalseSymmetry
20%
1 KryticZeuz
20%
1 Pearlescentmoon
20%
1 Ranboo
20%
2 Snifferish
20%
2 SolidarityGaming
20%
3 JackManifoldTV
10%
1 Ludwig
10%
1 BajanCanadian
0%
1 Bekyamon
0%
1 OllieGamerz
0%
1 PrestonPlayz
0%
1 Velvet
0%
1 Vikkstar123
0%
No matching quizzes found
Score Distribution
Percent of People with Each Score
Percentile by Number Answered
Your Score History
You have not taken this quiz